000 00427nam a2200181Ia 4500
001 2256
005 20260306143829.0
008 260306t2007||||xx |||||||||||||| ||spa||
041 _aESP
082 _a616.80475
_bA172
100 _aArdila, Alfredo
_eAUT
245 0 _aNeuropsicología clínica
260 _c2007
300 _axviii, 364 páginas :
_c23 cm.
650 _aGEN
654 _aCPS
942 _cLIB
_dJUS
_fJUS
_2ddc
_n
999 _c2256
_d2256